Statistics for Most Premier League Goals by Nationality

Click here to take the quiz!

General Stats

  • This quiz has been taken 93 times
  • The average score is 18 of 26

Answer Stats

CountryGoalsPlayer% Correct
France175Thierry Henry
94%
Portugal84Cristiano Ronaldo
93%
Ivory Coast104Didier Drogba
92%
Egypt72Mohamed Salah
89%
England260Alan Shearer
88%
Uruguay69Luis Suárez
86%
South Korea51Son Heung-min
84%
Ireland126Robbie Keane
83%
Argentina180Sergio Agüero
82%
Senegal80Sadio Mané
81%
Netherlands144Robin van Persie
78%
Belgium113Romelu Lukaku
75%
Algeria53Riyad Mahrez
73%
Bulgaria94Dimitar Berbatov
72%
Bosnia & Herzegovina50Edin Džeko
72%
Wales109Ryan Giggs
72%
Chile63Alexis Sánchez
69%
Spain85Fernando Torres
67%
Trinidad & Tobago123Dwight Yorke
63%
Denmark51Christian Eriksen
54%
USA57Clint Dempsey
54%
Norway91Ole Gunnar Solskjær
54%
Togo97Emmanuel Adebayor
52%
Australia92Mark Viduka
40%
Brazil56Roberto Firmino
39%
Sweden48Fredrik Ljungberg
20%

Score Distribution

Percentile by Number Answered

Percent of People with Each Score

Your Score History

You have not taken this quiz